U.S. Geography True or False #2 - Statistics

General Stats
  • This quiz has been taken 37,463 times
  • The average score is 12 of 15
Answer Stats
Question Answer % Correct
Puerto Rico is a U.S. territory True
95%
There is a state that borders both Mexico and Canada False
94%
There is at least one state where people drive on the left False
87%
Texas is the largest state by area False
82%
The Missouri River is a tributary of the Mississippi River True
82%
There is a real lake called Lake Winnebago True
81%
It's possible to drive from Missouri to Colorado and only pass through one other state True
80%
The Rockies have a higher maximum elevation than the Appalachians True
80%
North Carolina is bigger than South Carolina True
78%
Corn (maize) is the #1 crop in the United States by value True
75%
Orlando is on the coast False
74%
A ship could travel via rivers, lakes, and canals all the way from New York to Los Angeles False
69%
Florida is the southernmost state False
67%
Based on average temperature, Minnesota is actually colder than Alaska False
62%
There is an airport in the U.S. which is larger than the state of Rhode Island False
53%
No matching quizzes found
Score Distribution
Percent of People with Each Score
Percentile by Number Answered
Your Score History
You have not taken this quiz